000 00573nam a2200181Ia 4500
005 20250508160337.0
008 008 250505s9999 xx 000 0 eng d
037 _aTextual
040 _aFEDL
_beng
_cFEDL
041 _aeng
_2eng
084 _a379.11, FRE
_qFEDL
100 _aFreeman Roger A
_9339978
245 0 _aSchool needs in the decade ahead : Financing the public schools, 1 V
260 _aWashington, USA
_bThe Institute for Social Science Research
_c1958
300 _axxviii,273p
942 _cTEXL
_h379.11, FRE
999 _c1363882
_d1363882